000 01512nas a2200277 454500
001 13741
005 20260407193505.0
008 260407s1979####ag###########|||spa#d
003 AR-UNSa-BCEJYS
040 _aAR-UNSa-BCEJYS
_bspa
_cAR-UNSa-BCEJYS
080 _a330
_xEconomía en general
245 1 0 _aSerie Documentos de Trabajo
022 _a1668-4575
264 1 _aBuenos Aires :
_bCEMA
_c1979
310 _aFrecuencia: Irregular
505 _aLos trabajos de investigación realizados por los profesores son publicados en la Serie Documentos de Trabajo.* Estos documentos se han publicado desde 1979, conformando una de las más extensas series de este tipo en la Argentina. Todos ellos están disponibles en formato PDF y se encuentran incluídos en las colecciones electrónicas de EBSCO (Fuente Académica), EconLit, SSRN, RePEc y Gale. * Los Documentos de Trabajo figuran dentro del 1% de los más consultados en todo el mundo según las estadísticas de la colección electrónica de Research Papers in Economics (RePEc).
942 _cSER
590 _aniveau_biblio:s niveau_hierar:1
100 1 _aCentro de Estudios Macroeconómicos de Argentina (CEMA)
650 _aDesarrollo económico y social
650 _aPolítica monetaria
650 _aCrecimiento económico
650 _aMacroeconomía
650 _aECONOMIA
856 4 1 _uhttps://biblioeco.unsa.edu.ar/pmb/images/revistas/Construccion de una Perspectiva para la Gobernancia del Sector Publico.jpg
_yImagen de portada
_qimage/jpeg
999 _c8465
_d8465